00536nam a2200205 a 4500001001300000003000900013005001700022008004100039020001000080082001500090100001500105245001700120260003800137300000800175500003500183505005500218650002600273650001600299700001500315nice12345678IN_TiNIC20260116011517.0050524s1942 dela grp 000 0 urd  ac10000a641.1bKOH aKohi, Noor aRisala Sehat aDelhibDelhi Printing Pressc1942 a63p aincludes index and biblioraphy2 aMeeting of the N C C Nagpur Dec,28,1939-Jan 2,1940 aSufism-Bektashi Order aHealth Care1 aKohi, Noor